| 000 | 00666nam a2200217Ia 4500 | ||
|---|---|---|---|
| 005 | 20250508162920.0 | ||
| 008 | 008 250505s9999 xx 000 0 hin d | ||
| 037 | _aTextBook | ||
| 040 |
_aFEDL _beng _cFEDL |
||
| 041 |
_ahin _2eng |
||
| 084 |
_a001.42, SAT/R _qFEDL |
||
| 100 | _aSatya Dev | ||
| 245 | 0 | _aSamajik vigyanon ki shodh paddhatiyan (Research methods in social sciences) | |
| 260 |
_aChandigarh, India _bHaryana Hindi Granth Akademi _c1985 |
||
| 300 | _a240p. | ||
| 365 |
_aINR _b35 |
||
| 546 | _aAcc No.s 086351 and 86352 are MACESE books | ||
| 650 | _aResearch Methods | ||
| 942 |
_cTB _h001.42, SAT/R |
||
| 999 |
_c1379411 _d1379411 |
||